000 00991nam a2200241Ia 4500
003 Ost
005 20260507075441.0
008 260507s9999||||xx |||||||||||||| ||und||
020 _a9789957463656
040 _cfsecg
041 _aara
082 _a658.8
100 _aالعاني، رعد مجيد
_eمؤلف
245 0 _aالإستثمار والتسويق السياحي /
_c رعد مجيد العاني
260 _aعمان:
_bدار الكنوز المعرفة,
_c2008
300 _a272 صفحة؛
_bإيضاحات ؛
_c25 سم
520 _aالسياحة الاستثمارية، السياحة والموارد المحلية، التخطيط في التنمية الاستثمار السياحي، تنفيذ خطة التنمية، تحقيق الاستثمار في السياحة، نظام الادارة السياحة
653 _aالاستثمار
653 _aالتخطيط
653 _aالتسويق
653 _aالسياحة
942 _cكتاب
999 _c44562
_d44562